| 000 | 00558nam a2200229Ia 4500 | ||
|---|---|---|---|
| 008 | 210210b2005 xxu||||| |||| 00| 0 eng d | ||
| 020 | _a8126125225 | ||
| 041 | _aeng | ||
| 082 | _a658 AQUP | ||
| 100 | _aAQUINAS (P G) | ||
| 245 |
_aPrinciples of management _bFoundations and realities |
||
| 260 |
_aNew Delhi _bAnmol Publications Pvt. Ltd. _c2005 |
||
| 300 | _a551 | ||
| 650 | _arealities | ||
| 650 | _aPrinciples | ||
| 650 | _aof | ||
| 650 | _amanagement | ||
| 650 | _aFoundations | ||
| 650 | _aand | ||
| 690 | _aManagement | ||
| 906 | _a062218 | ||
| 999 |
_c117105 _d117105 |
||